| 000 | 00742 a2200229 4500 | ||
|---|---|---|---|
| 010 | _aENG-88744 | ||
| 020 |
_c325.00 _a8120333734 |
||
| 035 | _aEN-72277 | ||
| 037 | _bDBAD / PUB | ||
| 082 | 1 | 4 | _a658.5 |
| 090 |
_c9287 _d9287 |
||
| 100 | 1 | _aMurphy, Paul R. Jr. | |
| 245 | 1 |
_aContemporary logistics/ _c by Paul R. Murphy Jr. [and] Donald F. Wood |
|
| 250 | _a9th ed. | ||
| 260 |
_aNew Delhi _bPrentice-Hall of India _c2008 |
||
| 270 |
_aM-97, Connaught Circus _bNew Delhi _e110 001 |
||
| 300 |
_axvi, 415 p. _c24 cm. (Pbk) |
||
| 500 | _aIncludes glossary and index | ||
| 700 | 1 | _aWood, Donald F. | |
| 942 |
_adpl _cEN _k658.5 / MUR |
||
| 999 |
_c9119 _d9119 |
||